000
00288nam a2200133Ia 4500
100
_a
Loskutov/V.V.
942
_c
BK
654
_a
Grinding of Metals
245
_a
Grinding Of Metals
260
_b
Mir Publishers
_a
Moscow
_c
1981
082
_a
671.35
300
_a
300
546
_a
ENGLISH
999
_c
29088
_d
29088